[Event "PRO League Group Stage"]
[Site "chess.com INT"]
[Date "2019.03.13"]
[Round "10"]
[White "Ravuri, Vinesh"]
[Black "Zhai, Mo"]
[Result "1-0"]
[BlackTitle "WGM"]
[WhiteElo "2042"]
[BlackElo "2365"]
[WhiteTeam "San Jose Hackers"]
[BlackTeam "Chengdu Pandas"]
[WhiteFideId "45042632"]
[BlackFideId "8600201"]
[EventDate "2019.01.08"]

1. b3 Nf6 2. Bb2 g6 3. Nf3 Bg7 4. e4 d6 5. d3 O-O 6. Be2 c5 7. O-O Nc6 8. Nbd2
Re8 9. h3 Nxe4 10. Bxg7 Nxd2 11. Qxd2 Kxg7 12. d4 cxd4 13. Nxd4 Qb6 14. Nxc6
bxc6 15. Bf3 Bb7 16. a4 c5 17. a5 Qc7 18. Bxb7 Qxb7 19. Rfe1 Rab8 20. Re3 Qb4
21. Qe2 Qb5 22. Qe1 e6 23. c4 Qc6 24. h4 h5 25. Rd1 Red8 26. Red3 Rb7 27. Rxd6
Rxd6 28. Qe5+ f6 29. Rxd6 fxe5 30. Rxc6 Kf6 31. Rxc5 Rxb3 32. Rc7 Rc3 33. a6 e4
34. Kf1 Ke5 35. Ke2 Kd4 36. Rxa7 Rc2+ 37. Ke1 Rc1+ 38. Kd2 Rxc4 39. Re7 Ke5 40.
a7 Ra4 41. Rg7 Kf6 42. Rb7 Ke5 43. g3 Kf5 44. Ke3 Kg4 45. Rf7 Kh3 46. Kf4 Kg2
47. Kg5 Ra6 48. Kxg6 e3 49. fxe3 Kxg3 50. Kxh5 Ra5+ 51. Kg6 Kxh4 52. Kf6 Ra6 53.
Ke5 Kg4 54. Kd4 Kg5 55. Ke5 Kg6 56. Rb7 Kh6 57. Kf6 Ra3 58. e4 Ra6 59. e5 Kh5
60. Re7 Kh6 61. Re8 Rxa7 62. Rh8+ Rh7 63. Rxh7+ Kxh7 64. Kxe6 Kg7 65. Kd7 Kf7
66. e6+ 1-0

[Event "PRO League Group Stage"]
[Site "chess.com INT"]
[Date "2019.03.13"]
[Round "10"]
[White "Corrales Jimenez, Fidel"]
[Black "Xiong, Jeffery"]
[Result "1/2-1/2"]
[WhiteTitle "GM"]
[BlackTitle "GM"]
[WhiteElo "2559"]
[BlackElo "2672"]
[WhiteTeam "Minnesota Blizzard"]
[BlackTeam "Dallas Destiny"]
[WhiteFideId "3506690"]
[BlackFideId "2047640"]
[EventDate "2019.01.08"]

1. e4 c5 2. Nf3 d6 3. d4 cxd4 4. Nxd4 Nf6 5. Nc3 a6 6. Be3 e5 7. Nb3 Be6 8. f3
Nbd7 9. Qd2 b5 10. a4 b4 11. Nd5 Bxd5 12. exd5 Nb6 13. Bxb6 Qxb6 14. a5 Qb7 15.
Bc4 g6 16. Ra4 Rb8 17. Qd3 Ra8 18. Qd2 Rb8 19. Qd3 Ra8 20. Qd2 Rb8 21. Qd3 1/2-1/2

[Event "PRO League Group Stage"]
[Site "chess.com INT"]
[Date "2019.03.13"]
[Round "10"]
[White "Holt, Conrad"]
[Black "Henriquez Villagra, Cristobal"]
[Result "0-1"]
[WhiteTitle "GM"]
[BlackTitle "GM"]
[WhiteElo "2548"]
[BlackElo "2504"]
[WhiteTeam "Dallas Destiny"]
[BlackTeam "Minnesota Blizzard"]
[WhiteFideId "2034387"]
[BlackFideId "3409350"]
[EventDate "2019.01.08"]

1. d4 Nf6 2. c4 g6 3. Nc3 Bg7 4. e4 d6 5. Nf3 O-O 6. h3 e5 7. d5 a5 8. Bg5 Na6
9. Nd2 Qe8 10. Be2 Nd7 11. a3 Nb6 12. g4 a4 13. h4 c6 14. h5 Nc5 15. Be3 Bd7 16.
g5 Rc8 17. Bxc5 dxc5 18. Bg4 f5 19. gxf6 Rxf6 20. hxg6 Qxg6 21. Bxd7 Nxd7 22.
Qxa4 Bh6 23. O-O-O Rxf2 24. Qc2 Kh8 25. Qd3 Nf6 26. Qh3 Ng4 27. Rhg1 Bxd2+ 28.
Rxd2 Qg5 29. Nb1 Rf4 30. d6 Rg8 31. d7 Rxe4 32. Qd3 Rd4 33. Qe2 Rd8 0-1

[Event "PRO League Group Stage"]
[Site "chess.com INT"]
[Date "2019.03.13"]
[Round "10"]
[White "Tang, Andrew"]
[Black "Preotu, Razvan"]
[Result "1-0"]
[WhiteTitle "GM"]
[BlackTitle "GM"]
[WhiteElo "2487"]
[BlackElo "2524"]
[WhiteTeam "Minnesota Blizzard"]
[BlackTeam "Dallas Destiny"]
[WhiteFideId "2059630"]
[BlackFideId "2613280"]
[EventDate "2019.01.08"]

1. d4 Nf6 2. c4 e6 3. Nc3 Bb4 4. Qc2 O-O 5. Nf3 c5 6. dxc5 Bxc5 7. Bg5 Be7 8. e3
d6 9. Be2 a6 10. O-O Qc7 11. Rfd1 Nbd7 12. Rac1 b6 13. h3 Bb7 14. b4 Rac8 15.
Bf4 Bxf3 16. Bxf3 Ne5 17. Be2 Nxc4 18. Qb3 b5 19. a4 Qb6 20. axb5 axb5 21. Nxb5
d5 22. Na3 Nxa3 23. Qxa3 Qxb4 24. Qa6 Rxc1 25. Rxc1 Ne4 26. Qc6 h6 27. Bf3 Nd2
28. Be2 Ne4 29. Bf3 Nf6 30. Be5 Rd8 31. Qc2 Bd6 32. Bc3 Qb7 33. Qd1 Qe7 34. g3
e5 35. Ba1 e4 36. Be2 Be5 37. Bd4 Bxd4 38. Qxd4 Qe6 39. Kg2 h5 40. Rb1 g6 41.
Rb6 Rd6 42. Rb8+ Kg7 43. g4 hxg4 44. hxg4 g5 45. Ra8 Rc6 46. Qb4 Kg6 47. Rh8 Qd6
48. Qb7 Rc2 49. Bd1 Rd2 50. Qb3 d4 51. exd4 Qxd4 52. Qg3 Rxd1 53. Qh3 Nxg4 54.
Qh5+ Kf6 55. Qxg4 Qd3 56. Rh6+ Ke7 57. Qxg5+ Kd7 58. Qf5+ Kc7 59. Qxf7+ Qd7 60.
Qc4+ Kb7 61. Qb3+ Kc7 62. Qc3+ Kb7 63. Qb4+ Kc7 64. Qb6+ 1-0

[Event "PRO League Group Stage"]
[Site "chess.com INT"]
[Date "2019.03.13"]
[Round "10"]
[White "Bryant, John Daniel"]
[Black "Mikhalevski, Victor"]
[Result "0-1"]
[WhiteTitle "IM"]
[BlackTitle "GM"]
[WhiteElo "2449"]
[BlackElo "2581"]
[WhiteTeam "San Diego Surfers"]
[BlackTeam "Seattle Sluggers"]
[WhiteFideId "2031280"]
[BlackFideId "2801914"]
[EventDate "2019.01.08"]

1. e4 e5 2. Nf3 Nc6 3. Bb5 g6 4. c3 Bg7 5. O-O a6 6. Ba4 Nge7 7. d4 exd4 8. cxd4
b5 9. Bc2 d6 10. d5 Na5 11. Bd2 Nc4 12. Bc3 O-O 13. Bxg7 Kxg7 14. Qd4+ f6 15.
Nbd2 Ne5 16. Qc3 c5 17. Nxe5 dxe5 18. f4 exf4 19. Rxf4 Qd6 20. Raf1 Bd7 21. h4
h6 22. Qe3 Qe5 23. R4f2 Nxd5 24. Qxc5 Rac8 25. Qa7 Rc7 26. Qxa6 Nb4 27. Qa5 Nxc2
28. Nf3 Qd6 29. Rc1 Rfc8 30. Rd2 Qg3 31. Rcxc2 Rxc2 32. Rxd7+ Kg8 33. Rd8+ Kf7
34. Qa7+ R8c7 35. Rd7+ Ke8 0-1

[Event "PRO League Group Stage"]
[Site "chess.com INT"]
[Date "2019.03.13"]
[Round "10"]
[White "Margvelashvili, Giorgi"]
[Black "Hilby, Craig"]
[Result "1/2-1/2"]
[WhiteTitle "GM"]
[BlackTitle "IM"]
[WhiteElo "2530"]
[BlackElo "2445"]
[WhiteTeam "Seattle Sluggers"]
[BlackTeam "San Diego Surfers"]
[WhiteFideId "13602926"]
[BlackFideId "2062674"]
[EventDate "2019.01.08"]

1. Nf3 Nf6 2. c4 g6 3. Nc3 d5 4. cxd5 Nxd5 5. e4 Nxc3 6. bxc3 Bg7 7. Be2 c5 8.
O-O Nc6 9. Qa4 O-O 10. Ba3 Ne5 11. Bxc5 Nxf3+ 12. Bxf3 Qxd2 13. Bxe7 Bd7 14. Qd1
Qxd1 15. Raxd1 Ba4 16. Rb1 Rfe8 17. Rxb7 Bxc3 18. Bd6 Rad8 19. e5 Bxe5 20. Bxe5
Rxe5 21. Rxa7 Bb5 22. Rc1 Be2 23. Ba8 Rd2 24. h3 Bd1 25. Rc8+ Kg7 26. Rcc7 Re1+
27. Kh2 Rxf2 28. Bd5 Ref1 29. Bc4 Be2 30. Kg3 Bxc4 31. Rxc4 Rf5 32. Rc2 h5 33.
Kh2 Ra1 34. h4 Rf4 35. g3 Rff1 36. Kg2 Rfc1 37. Rxc1 Rxc1 38. a4 Rc3 39. a5 Ra3
40. a6 Kh6 41. Ra8 f6 42. a7 Kg7 43. Kf2 g5 44. Ke2 gxh4 45. gxh4 f5 46. Kd2 f4
47. Ke2 f3+ 48. Kf2 Kh7 49. Kg3 Kg7 50. Kf2 Kh7 1/2-1/2

[Event "PRO League Group Stage"]
[Site "chess.com INT"]
[Date "2019.03.13"]
[Round "10"]
[White "Shlyakhtenko, Robert"]
[Black "Mayer, Jacob"]
[Result "1-0"]
[WhiteElo "2190"]
[BlackElo "1737"]
[WhiteTeam "San Diego Surfers"]
[BlackTeam "Seattle Sluggers"]
[WhiteFideId "30936934"]
[BlackFideId "30925002"]
[EventDate "2019.01.08"]

1. e4 d5 2. exd5 Qxd5 3. Nc3 Qd6 4. d4 Nf6 5. Bc4 c6 6. Nge2 Be6 7. Bf4 Qd7 8.
Bxe6 Qxe6 9. O-O g6 10. Re1 Qd7 11. Be5 Bg7 12. Nf4 O-O 13. Qf3 e6 14. Rad1 Na6
15. Nd3 Nd5 16. Ne4 Bxe5 17. dxe5 Qe7 18. a3 Nc5 19. Ndxc5 b6 20. Nd3 Rad8 21.
c4 Nc7 22. Nf4 b5 23. Nf6+ Kg7 24. Qxc6 Rxd1 25. Rxd1 Rd8 26. Rxd8 Qxd8 27. g3
bxc4 28. Qxc7 1-0

[Event "PRO League Group Stage"]
[Site "chess.com INT"]
[Date "2019.03.13"]
[Round "10"]
[White "Sarana, Alexey"]
[Black "Naroditsky, Daniel"]
[Result "1/2-1/2"]
[WhiteTitle "GM"]
[BlackTitle "GM"]
[WhiteElo "2630"]
[BlackElo "2616"]
[WhiteTeam "Australia Kangaroos"]
[BlackTeam "San Francisco Mechanics"]
[WhiteFideId "24133795"]
[BlackFideId "2026961"]
[EventDate "2019.01.08"]

1. d4 Nf6 2. c4 g6 3. Nc3 Bg7 4. Nf3 d6 5. e4 O-O 6. Be2 c5 7. O-O Re8 8. Be3
Ng4 9. Bg5 h6 10. Bh4 cxd4 11. Nxd4 Bxd4 12. Qxd4 e5 13. Bxd8 exd4 14. Nd5 Rxd8
15. Nc7 Na6 16. Nxa8 d3 17. Bxd3 Be6 18. Rfd1 Rxa8 19. Be2 Nf6 20. f3 Ne8 21. a3
Kf8 22. b4 Ke7 23. Rac1 Nb8 24. c5 dxc5 25. Rxc5 Nd7 26. Rc3 g5 27. Kf2 a5 28.
Rd4 axb4 29. Rxb4 b6 30. Bb5 Nc5 31. Bxe8 Kxe8 32. h4 gxh4 33. e5 h3 34. gxh3
Rd8 35. Kg3 Kf8 36. Re3 Nd7 37. f4 Rc8 38. Kh4 Kg7 39. Rg3+ Kh7 40. Rd4 Nf8 41.
Rf3 Ng6+ 42. Kg3 Ne7 43. Rb4 Rc2 44. Rd3 Bd5 45. f5 Nxf5+ 46. Kg4 Be6 47. Rxb6
Rf2 48. Rd8 h5+ 49. Kxh5 Rg2 50. Rbb8 Ng7+ 51. Kh4 Nf5+ 52. Kh5 Ng7+ 53. Kh4 f6
54. Rb7 Kg6 55. Rxg7+ Kxg7 56. exf6+ Kxf6 57. Rf8+ Ke5 58. Rf1 Bf5 59. a4 Rg8
60. Rf3 Ke4 61. Rg3 Rh8+ 62. Kg5 Ke5 63. a5 Be4 64. a6 Rg8+ 65. Kh4 Rh8+ 66. Kg5
Ra8 67. Kh4 Bf5 68. Kg5 Rxa6 69. Rb3 Rg6+ 70. Kh5 Rg8 71. Rb6 Kf4 72. Rf6 Rh8+
73. Rh6 Rg8 74. Rf6 Rg3 75. Kh6 Rxh3+ 76. Kg7 Rh7+ 77. Kg8 Ra7 78. Kf8 Ke5 79.
Rf7 Ra6 80. Ke7 Re6+ 81. Kf8 Rc6 82. Ke7 Be6 83. Rg7 Rc5 84. Rg5+ Bf5 85. Rg7
Rc7+ 86. Kf8 Rc6 87. Ke7 Rf6 88. Rf7 Rg6 89. Kf8 Be6 90. Rg7 Rh6 91. Ke7 Rh8 92.
Rg5+ Bf5 93. Rg7 Ra8 94. Rf7 Bg6 95. Rg7 Re8+ 96. Kd7 Kf6 97. Rxg6+ Kxg6 98.
Kxe8 1/2-1/2

[Event "PRO League Group Stage"]
[Site "chess.com INT"]
[Date "2019.03.13"]
[Round "10"]
[White "Zierk, Steven"]
[Black "Smirnov, Anton"]
[Result "1-0"]
[WhiteTitle "GM"]
[BlackTitle "GM"]
[WhiteElo "2510"]
[BlackElo "2569"]
[WhiteTeam "San Francisco Mechanics"]
[BlackTeam "Australia Kangaroos"]
[WhiteFideId "2034255"]
[BlackFideId "3208923"]
[EventDate "2019.01.08"]

1. d4 d5 2. Bf4 Nf6 3. e3 e6 4. c3 c5 5. Nd2 Nc6 6. Ngf3 Nh5 7. Bg5 Qb6 8. Qb3
h6 9. Bh4 g5 10. Bg3 Nxg3 11. hxg3 Bg7 12. Bd3 c4 13. Qxb6 axb6 14. Bc2 f5 15.
Ke2 b5 16. b3 b4 17. bxc4 bxc3 18. Nb1 g4 19. Ne1 dxc4 20. Nxc3 Nxd4+ 21. exd4
Bxd4 22. Nb5 Bxa1 23. Nc7+ Ke7 24. Nxa8 Bd7 25. Nb6 Bb5 26. Ba4 Bxa4 27. Nxa4
Ra8 28. Nc2 Bg7 29. Nb6 Rxa2 30. Kd2 c3+ 31. Kd3 Rb2 32. Na4 Rb5 33. Nxc3 Rc5
34. Nd4 Rc7 35. Nxf5+ Kf6 36. Nxg7 Rd7+ 37. Ke3 Rxg7 38. Rxh6+ Kf5 39. Ne4 1-0

[Event "PRO League Group Stage"]
[Site "chess.com INT"]
[Date "2019.03.13"]
[Round "10"]
[White "Fernandez, Daniel Howard"]
[Black "Macieja, Bartlomiej"]
[Result "1-0"]
[WhiteTitle "GM"]
[BlackTitle "GM"]
[WhiteElo "2465"]
[BlackElo "2509"]
[WhiteTeam "Australia Kangaroos"]
[BlackTeam "San Francisco Mechanics"]
[WhiteFideId "5801605"]
[BlackFideId "1104306"]
[EventDate "2019.01.08"]

1. d4 Nf6 2. c4 e6 3. Nc3 Bb4 4. e3 O-O 5. Ne2 d5 6. a3 Be7 7. Nf4 c6 8. Be2
Nbd7 9. O-O dxc4 10. Bxc4 e5 11. Nfe2 Qc7 12. Qc2 Nb6 13. Ba2 Bg4 14. dxe5 Qxe5
15. Ng3 Rad8 16. b4 Be6 17. Bb2 Bxa2 18. Nxa2 Qe6 19. Nf5 Rd7 20. Bd4 Rfd8 21.
Nc3 Bf8 22. Ng3 Bd6 23. Rad1 Bxg3 24. hxg3 Ng4 25. Qe4 Nc4 26. Qxe6 fxe6 27.
Bxa7 Nxa3 28. f3 Ne5 29. Rxd7 Rxd7 30. Ne4 Nb5 31. Bb8 Nc4 32. Nc5 Rd2 33. Re1
b6 34. Nxe6 Nc3 35. Nd4 Nd5 36. Nxc6 1-0

[Event "PRO League Group Stage"]
[Site "chess.com INT"]
[Date "2019.03.13"]
[Round "10"]
[White "Hong, Andrew"]
[Black "Song, Raymond"]
[Result "0-1"]
[WhiteTitle "FM"]
[BlackTitle "FM"]
[WhiteElo "2390"]
[BlackElo "2329"]
[WhiteTeam "San Francisco Mechanics"]
[BlackTeam "Australia Kangaroos"]
[WhiteFideId "2099438"]
[BlackFideId "3203824"]
[EventDate "2019.01.08"]

1. e4 c5 2. Nf3 e6 3. d3 Nc6 4. g3 Nf6 5. Bg2 Be7 6. O-O O-O 7. Qe2 e5 8. Nbd2
h6 9. Nc4 d6 10. c3 Re8 11. Ne3 Bf8 12. Nh4 g6 13. Bd2 Bg7 14. Be1 b5 15. f4 Rb8
16. f5 g5 17. Nf3 c4 18. dxc4 bxc4 19. Nd5 Ne7 20. Nxf6+ Bxf6 21. Rb1 Qa5 22. a3
d5 23. exd5 Bxf5 24. Rd1 Bd3 25. Rxd3 cxd3 26. Qxd3 Qxd5 27. Qe2 Qb5 28. Qe4 Kg7
29. b4 Rbc8 30. Rf2 Qc4 31. Qe3 Nd5 32. Qc1 e4 33. Nd2 Qxc3 34. Qb1 e3 35. Re2
exd2 36. Bxd2 Qd4+ 37. Rf2 Re2 38. Be1 Rce8 39. Qf5 Rxe1+ 40. Bf1 Ne3 41. Qxf6+
Qxf6 0-1

[Event "PRO League Group Stage"]
[Site "chess.com INT"]
[Date "2019.03.13"]
[Round "10"]
[White "Safarli, Eltaj"]
[Black "Xu, Xiangyu"]
[Result "1-0"]
[WhiteTitle "GM"]
[BlackTitle "GM"]
[WhiteElo "2681"]
[BlackElo "2567"]
[WhiteTeam "San Jose Hackers"]
[BlackTeam "Chengdu Pandas"]
[WhiteFideId "13402129"]
[BlackFideId "8608288"]
[EventDate "2019.01.08"]

1. e4 e5 2. Nc3 Nf6 3. g3 Bc5 4. Bg2 c6 5. Nf3 d5 6. Nxe5 dxe4 7. d3 Qd4 8. Be3
Qxe5 9. d4 Qe7 10. dxc5 Bf5 11. Qd6 Qxd6 12. cxd6 Nbd7 13. O-O-O O-O-O 14. h3 h5
15. Rhe1 Rhe8 16. a4 b6 17. Bg5 Re6 18. Ne2 c5 19. Nc3 Ne5 20. Bxf6 gxf6 21.
Nxe4 Nc4 22. Nc3 Nxd6 23. Nd5 Ne4 24. Bxe4 Bxe4 25. Nf4 Rxd1+ 26. Rxd1 Re5 27.
Rd6 Rf5 28. h4 Kc7 29. Rd1 Bf3 30. Rd3 Bc6 31. Kd2 a6 32. b3 c4 33. Rd4 cxb3 34.
cxb3 Re5 35. Rd3 Be4 36. Re3 Kd6 37. Nxh5 Rd5+ 38. Ke2 Bc2 39. Nxf6 Rf5 40. Ne4+
Kd5 41. Nd2 Kc5 42. Rc3+ 1-0

[Event "PRO League Group Stage"]
[Site "chess.com INT"]
[Date "2019.03.13"]
[Round "10"]
[White "Zhu, Jiner"]
[Black "Bartholomew, John"]
[Result "0-1"]
[WhiteTitle "WIM"]
[BlackTitle "IM"]
[WhiteElo "2424"]
[BlackElo "2439"]
[WhiteTeam "Dallas Destiny"]
[BlackTeam "Minnesota Blizzard"]
[WhiteFideId "8608059"]
[BlackFideId "2019353"]
[EventDate "2019.01.08"]

1. e4 d5 2. exd5 Qxd5 3. Nc3 Qd8 4. d4 Nf6 5. Bf4 c6 6. Qd2 Bf5 7. O-O-O e6 8.
Nf3 Bb4 9. a3 Ne4 10. Qe3 Nxc3 11. bxc3 Bxa3+ 12. Kd2 Nd7 13. Bd3 O-O 14. Ra1
Be7 15. Rhe1 Bxd3 16. cxd3 Nf6 17. Ke2 Nd5 18. Qd2 c5 19. Kf1 cxd4 20. Nxd4 a6
21. Be5 Rc8 22. Kg1 Bg5 23. f4 Bh6 24. Rac1 Qd7 25. Ne2 f6 26. Bd4 e5 27. Be3
Rfe8 28. c4 exf4 29. Nxf4 Nxe3 30. Rxe3 Qd4 0-1

[Event "PRO League Group Stage"]
[Site "chess.com INT"]
[Date "2019.03.13"]
[Round "10"]
[White "Mamedyarov, Shakhriyar"]
[Black "Corrales Jimenez, Fidel"]
[Result "1-0"]
[WhiteTitle "GM"]
[BlackTitle "GM"]
[WhiteElo "2817"]
[BlackElo "2559"]
[WhiteTeam "San Jose Hackers"]
[BlackTeam "Minnesota Blizzard"]
[WhiteFideId "13401319"]
[BlackFideId "3506690"]
[EventDate "2019.01.08"]

1. Nf3 c5 2. c4 Nc6 3. Nc3 Nf6 4. e3 g6 5. a3 Bg7 6. Be2 O-O 7. O-O d5 8. cxd5
Nxd5 9. Qc2 b6 10. d3 Bb7 11. Bd2 Rc8 12. Qa4 e6 13. Rfd1 Qd7 14. Rac1 Rfd8 15.
Qh4 Qe7 16. Qg3 Rd7 17. h4 Rcd8 18. h5 Nf6 19. hxg6 hxg6 20. Ng5 Ba6 21. d4 cxd4
22. exd4 Bxe2 23. Nxe2 Nxd4 24. Nxd4 Rxd4 25. Nf3 Ne4 26. Qf4 Nxd2 27. Nxd4 Rxd4
28. Rc8+ Kh7 29. Qh2+ Rh4 30. Qc7 Qg5 31. Qxf7 Qh5 32. Qg8+ Kh6 33. Qh8+ Bxh8
34. Rxh8+ Kg7 35. Rxh5 Rd4 36. Rh3 Nf3+ 37. Rxf3 Rxd1+ 38. Kh2 Rd2 39. b3 b5 40.
b4 Rd5 41. Rc3 Rd7 42. Rc5 Rb7 43. Kg3 Kf6 44. Kf4 Rb6 45. g4 Ra6 46. g5+ Ke7
47. Rc3 Kd6 48. Ke4 e5 49. Rf3 Ra4 50. Rf6+ Ke7 51. Kxe5 a5 52. Rxg6 Rxa3 53.
bxa5 Rxa5 54. Rg7+ Kf8 55. Rb7 b4+ 56. Kf6 Ra6+ 57. Kf5 Ra5+ 58. Kg4 Ra2 59. f4
Rb2 60. Kf5 b3 61. Kf6 Ke8 62. g6 Kd8 63. g7 1-0

[Event "PRO League Group Stage"]
[Site "chess.com INT"]
[Date "2019.03.13"]
[Round "10"]
[White "Henriquez Villagra, Cristobal"]
[Black "Safarli, Eltaj"]
[Result "1/2-1/2"]
[WhiteTitle "GM"]
[BlackTitle "GM"]
[WhiteElo "2504"]
[BlackElo "2681"]
[WhiteTeam "Minnesota Blizzard"]
[BlackTeam "San Jose Hackers"]
[WhiteFideId "3409350"]
[BlackFideId "13402129"]
[EventDate "2019.01.08"]

1. e4 e5 2. Bc4 Nf6 3. Nc3 Bb4 4. Nge2 O-O 5. O-O c6 6. d4 d6 7. a3 Ba5 8. dxe5
dxe5 9. Qxd8 Rxd8 10. Bg5 Nbd7 11. Rad1 h6 12. Bh4 g5 13. Bg3 Re8 14. f3 Nf8 15.
Bf2 b5 16. Bb3 Bc7 17. Ng3 a5 18. Rd2 a4 19. Ba2 Be6 20. Nf5 Bxf5 21. exf5 Rad8
22. Rfd1 Rxd2 23. Rxd2 N8d7 24. Ne4 Kg7 25. Nd6 Rf8 26. c4 bxc4 27. Bxc4 Nb6 28.
Be2 Nbd5 29. Nc4 Re8 30. Rc2 e4 31. g3 exf3 32. Bxf3 g4 33. Be2 h5 34. Bd3 Kh6
35. Nd2 Rb8 36. Rxc6 Rxb2 37. Ne4 Be5 38. Bc4 Kg7 39. Nxf6 Nxf6 40. Be3 Rb1+ 41.
Kg2 Ra1 42. Rc5 Bd6 43. Rc6 Be5 44. Rc5 Bd6 45. Rc6 Be5 46. Rc5 1/2-1/2

[Event "PRO League Group Stage"]
[Site "chess.com INT"]
[Date "2019.03.13"]
[Round "10"]
[White "Bartholomew, John"]
[Black "Ravuri, Vinesh"]
[Result "1-0"]
[WhiteTitle "IM"]
[WhiteElo "2439"]
[BlackElo "2042"]
[WhiteTeam "Minnesota Blizzard"]
[BlackTeam "San Jose Hackers"]
[WhiteFideId "2019353"]
[BlackFideId "45042632"]
[EventDate "2019.01.08"]

1. d4 Nf6 2. Nf3 g6 3. Bg5 Bg7 4. Nbd2 O-O 5. e3 d6 6. Bd3 Nc6 7. O-O e5 8. c3
Re8 9. Qc2 d5 10. dxe5 Nxe5 11. Nxe5 Rxe5 12. Nf3 Re8 13. c4 Bg4 14. Nd4 c6 15.
h3 Bc8 16. Rfd1 h6 17. Bh4 Qb6 18. Bxf6 Bxf6 19. Bxg6 c5 20. Nb5 fxg6 21. Qxg6+
Kf8 22. Rxd5 Bg7 23. Rd6 Qa5 24. Rad1 a6 25. Rf6+ Bxf6 26. Qxf6+ Kg8 27. Qg6+
Kf8 28. Qxh6+ Kg8 29. Qg5+ Kf8 30. Qf6+ Kg8 31. Rd5 1-0

[Event "PRO League Group Stage"]
[Site "chess.com INT"]
[Date "2019.03.13"]
[Round "10"]
[White "Naroditsky, Daniel"]
[Black "Wang, Yue"]
[Result "1/2-1/2"]
[WhiteTitle "GM"]
[BlackTitle "GM"]
[WhiteElo "2616"]
[BlackElo "2684"]
[WhiteTeam "San Francisco Mechanics"]
[BlackTeam "Chengdu Pandas"]
[WhiteFideId "2026961"]
[BlackFideId "8601429"]
[EventDate "2019.01.08"]

1. d4 d5 2. Nc3 c6 3. e4 dxe4 4. Nxe4 Nf6 5. Nxf6+ exf6 6. Bc4 Bd6 7. Qe2+ Qe7
8. Qxe7+ Kxe7 9. Bd2 Be6 10. Bxe6 fxe6 11. O-O-O c5 12. Nf3 Nc6 13. Be3 cxd4 14.
Nxd4 Nxd4 15. Rxd4 Bc5 16. Rd3 Bxe3+ 17. Rxe3 Rhd8 18. Rd1 Rxd1+ 19. Kxd1 Rd8+
20. Ke2 h5 21. Rc3 1/2-1/2

[Event "PRO League Group Stage"]
[Site "chess.com INT"]
[Date "2019.03.13"]
[Round "10"]
[White "Xu, Xiangyu"]
[Black "Zierk, Steven"]
[Result "1-0"]
[WhiteTitle "GM"]
[BlackTitle "GM"]
[WhiteElo "2567"]
[BlackElo "2510"]
[WhiteTeam "Chengdu Pandas"]
[BlackTeam "San Francisco Mechanics"]
[WhiteFideId "8608288"]
[BlackFideId "2034255"]
[EventDate "2019.01.08"]

1. Nf3 d5 2. g3 Nf6 3. Bg2 c6 4. O-O Bf5 5. d3 e6 6. Nh4 Bg4 7. h3 Bh5 8. Qe1
Nbd7 9. f4 Bc5+ 10. Kh1 Be7 11. e4 Ng8 12. Nf3 Bg6 13. Nc3 h6 14. f5 Bh7 15.
fxe6 fxe6 16. Nd4 Nc5 17. exd5 exd5 18. b4 Na6 19. b5 Nc7 20. bxc6 bxc6 21. Nxc6
Qd7 22. Nxe7 Nxe7 23. Ba3 Rc8 24. Qe5 Ne6 25. Nxd5 Nc6 26. Qh5+ Kd8 27. Rae1 Re8
28. Rf7 1-0

[Event "PRO League Group Stage"]
[Site "chess.com INT"]
[Date "2019.03.13"]
[Round "10"]
[White "Macieja, Bartlomiej"]
[Black "Li, Di"]
[Result "1/2-1/2"]
[WhiteTitle "GM"]
[BlackTitle "IM"]
[WhiteElo "2509"]
[BlackElo "2488"]
[WhiteTeam "San Francisco Mechanics"]
[BlackTeam "Chengdu Pandas"]
[WhiteFideId "1104306"]
[BlackFideId "8607508"]
[EventDate "2019.01.08"]

1. Nf3 d5 2. d4 e6 3. c4 a6 4. Qc2 dxc4 5. Qxc4 b5 6. Qc2 Bb7 7. e4 Nf6 8. Bd3
c5 9. dxc5 Nc6 10. Be2 Nb4 11. Qc3 Bxc5 12. Qxc5 Rc8 13. Bxb5+ axb5 14. Qxb5+
Qd7 15. Qxd7+ Nxd7 16. Na3 Ba6 17. b3 Nc5 18. Ne5 Ncd3+ 19. Nxd3 Nxd3+ 20. Kd2
Nxf2 21. Re1 O-O 22. Ke3 Ng4+ 23. Kf4 Nxh2 24. Be3 h5 25. Rac1 f6 26. Rxc8 Rxc8
27. Rc1 Ra8 28. Bc5 Ng4 29. Rc2 g5+ 30. Kg3 Bd3 31. Rd2 Bxe4 32. Nb5 f5 33. a4
f4+ 34. Kh3 Bf5 35. Rd4 Nf2+ 36. Kh2 Ne4 37. Be7 g4 38. Nd6 g3+ 39. Kg1 Nxd6 40.
Bxd6 Rc8 41. Bxf4 h4 42. Kf1 e5 43. Bxe5 Rc1+ 44. Ke2 Rc2+ 45. Kf3 Rf2+ 46. Ke3
h3 47. Bxg3 Rxg2 48. Kf4 Be6 49. b4 Ra2 50. a5 Kf7 51. Rd6 Ra4 52. Rb6 Bc4 53.
Kg4 Be6+ 54. Rxe6 Kxe6 55. Kxh3 Rxb4 56. Kg2 Ra4 57. Kf3 Kf5 58. Kg2 Kg4 59. Bf2
Rxa5 60. Bd4 Ra2+ 61. Kh1 Kf3 62. Bg1 Ke2 63. Kg2 Ke1+ 64. Kh1 Kf1 65. Bh2 Rf2
66. Bd6 Rg2 67. Bc7 Rg8 68. Bh2 Kf2 69. Bc7 Kf3 70. Bh2 Rh8 71. Kg1 Kg4 72. Kg2
Ra8 73. Bc7 Rc8 74. Bd6 Rc2+ 75. Kg1 Kh3 76. Bb8 Rc1+ 77. Kf2 Rb1 78. Bc7 Rb3
79. Bd6 Rd3 80. Bc7 Kg4 81. Kg2 Rd2+ 82. Kg1 Kf3 83. Bb8 Rh2 84. Kxh2 1/2-1/2

[Event "PRO League Group Stage"]
[Site "chess.com INT"]
[Date "2019.03.13"]
[Round "10"]
[White "Zhai, Mo"]
[Black "Hong, Andrew"]
[Result "0-1"]
[WhiteTitle "WGM"]
[BlackTitle "FM"]
[WhiteElo "2365"]
[BlackElo "2390"]
[WhiteTeam "Chengdu Pandas"]
[BlackTeam "San Francisco Mechanics"]
[WhiteFideId "8600201"]
[BlackFideId "2099438"]
[EventDate "2019.01.08"]

1. d4 d5 2. c4 e6 3. Nc3 c6 4. e4 dxe4 5. Nxe4 Bb4+ 6. Nc3 c5 7. Be3 Nf6 8. a3
Bxc3+ 9. bxc3 Qa5 10. Qd3 cxd4 11. Bxd4 e5 12. Be3 O-O 13. Bd2 Rd8 14. Qc2 Nc6
15. Nf3 e4 16. Nd4 Qh5 17. Ne2 Ne5 18. Ng3 Qg6 19. O-O-O Be6 20. h4 Nd3+ 21.
Bxd3 exd3 22. Qa4 Rac8 23. c5 Rxc5 24. Kb2 Rc4 25. Qb5 Rd6 26. h5 Qg4 27. Qe5
Rb6+ 28. Ka1 Nd7 29. f3 Ra4 30. Bc1 Qc4 0-1